00563nam a2200193 a 4500001001300000003000900013005001700022008004100039020002300080082001600103100001400119245003200133260003600165300001000201500003500211505009100246650001800337700001400355nice12345678IN_TiNIC20260116012935.0050524s1991 newa grp 000 0 eng  a8185420 c15000a297.09bROS aRose, H A aReligious History of Islam. aNew DelhibAmar Prakashanc1991 a675p. aincludes index and biblioraphy2 athis is the reproduction of part iv. section-5.of the glossary of tribes & caste Vol.1 aIslam-History1 aRose, H A